Leading consciously : a pilgrimage toward self-mastery /

Bibliographic Details
Main Author: Chatterjee, Debashis
Corporate Author: NetLibrary, Inc
Format: eBook
Language:English
Published: Boston, Mass. : Butterworth-Heinemann, [1998]
Subjects:
Online Access:Connect to the full text of this electronic book

MARC

Tag First Indicator Second Indicator Subfields
LEADER 00000cam a2200000La 4500
001 in00001574483
005 20220103181536.0
006 m u
007 cr cn-
008 001009s1998 maua sb 000 0 eng d
010 |z  98154520  
020 |a 0585237883 (electronic bk.) :  |c $18.95 
020 |z 0750698640 (pbk.) 
035 |a (OCoLC)ocm44964090 
040 |a N$T  |c N$T  |d OCL  |d UtOrBLW 
049 |a IKMN 
050 1 4 |a HD57.7  |b .C477 1998eb 
100 1 |a Chatterjee, Debashis.  |0 http://id.loc.gov/authorities/names/no98086910 
245 1 0 |a Leading consciously :  |b a pilgrimage toward self-mastery /  |c Debashis Chatterjee. 
264 1 |a Boston, Mass. :  |b Butterworth-Heinemann,  |c [1998] 
264 4 |c ©1998 
300 |a xxii, 221 pages :  |b illustrations ;  |c 24 cm. 
336 |a text  |b txt  |2 rdacontent 
337 |a computer  |b c  |2 rdamedia 
338 |a online resource  |b cr  |2 rdacarrier 
504 |a Includes bibliographical references (pages 217-221). 
533 |a Electronic reproduction.  |b Boulder, Colo. :  |c NetLibrary,  |d 2000.  |n Available via the World Wide Web.  |n Available in multiple electronic file formats.  |n Access may be limited to NetLibrary affiliated libraries. 
500 |a Electronic resource. 
650 0 |a Leadership.  |0 http://id.loc.gov/authorities/subjects/sh85075480 
650 0 |a Self-control.  |0 http://id.loc.gov/authorities/subjects/sh85119718 
655 7 |a Electronic books.  |2 local 
710 2 |a NetLibrary, Inc.  |0 http://id.loc.gov/authorities/names/no99080690 
776 1 |c Original  |w (DLC) 98154520  |w (OCoLC)39062275 
856 4 1 |u https://proxy.library.tamu.edu/login?url=http://www.netLibrary.com/urlapi.asp?action=summary&v=1&bookid=34015  |z Connect to the full text of this electronic book  |t 0 
994 |a 92  |b IKM 
999 |a MARS 
999 f f |s 28b644f1-c8b7-3e4f-bbf7-628643d8c580  |i 2930b27d-d972-3e29-88fb-f24897093300  |t 0 
952 f f |a Texas A&M University  |b College Station  |c Electronic Resources  |d Available Online  |t 0  |e HD57.7 .C477 1998eb  |h Library of Congress classification 
998 f f |a HD57.7 .C477 1998eb  |t 0  |l Available Online